| 000 | 00989nam a2200277Ia 4500 | ||
|---|---|---|---|
| 003 | OSt | ||
| 005 | 20221005110600.0 | ||
| 006 | a|||||r|||| 00| 0 | ||
| 007 | ta | ||
| 008 | 221004b |||||||| |||| 00| 0 eng d | ||
| 020 |
_a9789326354479 (hbk) _cIndian Rupees 320 |
||
| 024 | _a44133 | ||
| 037 |
_bGift, 06/06/2019, _cTextual |
||
| 040 |
_aCRL _cCRL _beng |
||
| 041 |
_2eng _aeng |
||
| 082 | _aO111,6M08w, 152Q6 | ||
| 100 | _aनॉर्थअप, सोलोमन, ले. | ||
| 245 | 0 | _aदासता के बारह बरस | |
| 246 | _aDāsatā ke bārah barasa | ||
| 260 |
_aनई दिल्ली _bभारतीय ज्ञानपीठ भारत _c2016 |
||
| 300 |
_a215पृ0 _ccm. |
||
| 650 | _a अंग्रेजी निबंध | ||
| 650 | _aसंस्मरण | ||
| 942 |
_hO111,6M08w, 152Q6 _cTEXL _2cc |
||
| 999 |
_c1019278 _d1019278 |
||